000 004470000a22001930004500
999 _c47535
_d47535
001 290
003 CO-MdFUSB
005 20171006154601.0
008 170912b xxu||||| |||| 00| 0 eng d
020 _a1-56063-672-6
040 _cCO-MdBIC
082 0 4 _a790 H525t
110 1 _aUnilit
245 1 0 _aTrabajos manuales de los tiempos bĂ­blicos
260 _aMiami : Unilit
300 _a69 P.
650 1 4 _aLiteratura Infantil
942 _cLGB